| Tag |
First Indicator |
Second Indicator |
Subfields |
| LEADER |
00000cas a2200000 4500 |
| 001 |
in00000047116 |
| 005 |
20151007065431.0 |
| 008 |
750401c19749999nyuqr 0 a0eng |
| 010 |
|
|
|a 76648805
|
| 016 |
7 |
|
|a M49280000
|2 DNLM
|
| 016 |
7 |
|
|a 7503834
|2 DNLM
|
| 016 |
7 |
|
|a 981939-3
|2 DE-600
|
| 022 |
0 |
|
|a 0096-3925
|l 0096-3925
|2 1
|
| 029 |
1 |
|
|a NLM
|b 7503834
|
| 029 |
1 |
|
|a NLGGC
|b 042280281
|
| 029 |
1 |
|
|a AU@
|b 000001185774
|
| 029 |
1 |
|
|a HEBIS
|b 048404373
|
| 030 |
|
|
|a MUBBDD
|
| 035 |
|
|
|a (OCoLC)ocm01245905
|
| 035 |
|
|
|a (OCoLC)1245905
|
| 037 |
|
|
|b Allerton Press, 150 Fifth Ave., New York, NY 10011
|
| 040 |
|
|
|a NLM
|c NLM
|d NSD
|d DLC
|d OCL
|d NST
|d DLC
|d NSD
|d OCL
|d RCS
|d AIP
|d DLC
|d NST
|d AGL
|d OCL
|d OCLCQ
|d CUV
|d OCLCQ
|d HEBIS
|d UtOrBLW
|
| 041 |
1 |
|
|a eng
|h rus
|
| 042 |
|
|
|a nsdp
|a pcc
|
| 043 |
|
|
|a e-ur---
|
| 049 |
|
|
|a TXAM
|
| 050 |
0 |
0 |
|a QH301
|b .M565
|
| 060 |
0 |
0 |
|a W1
|b MO931N
|
| 082 |
0 |
4 |
|a 574/.05
|
| 090 |
|
|
|a QH301
|b .M63
|
| 110 |
2 |
|
|a Moskovskiĭ gosudarstvennyĭ universitet im. M.V. Lomonosova.
|
| 210 |
0 |
|
|a Moscow Univ. biol. sci. bull.
|
| 222 |
|
0 |
|a Moscow University biological sciences bulletin
|
| 240 |
1 |
0 |
|a Vestnik.
|n Serii︠a︡ VI,
|p Biologii︠a︡, pochvovedenie.
|l English
|
| 245 |
1 |
0 |
|a Moscow University biological sciences bulletin.
|
| 246 |
3 |
0 |
|a Biological sciences bulletin
|
| 264 |
|
1 |
|a [New York] :
|b Allerton Press,
|c 1974-
|
| 300 |
|
|
|a volumes :
|b illustrations ;
|c 28 cm.
|
| 310 |
|
|
|a Quarterly,
|b 1977-
|
| 321 |
|
|
|a Bimonthly,
|b 1974-1976
|
| 336 |
|
|
|a text
|b txt
|2 rdacontent
|
| 337 |
|
|
|a unmediated
|b n
|2 rdamedia
|
| 338 |
|
|
|a volume
|b nc
|2 rdacarrier
|
| 362 |
0 |
|
|a v. 29-
|
| 490 |
1 |
|
|a The Allerton Press journal program
|
| 510 |
0 |
|
|a Chemical abstracts
|x 0009-2258
|
| 515 |
|
|
|a Began with v. 29, no. 1/2, 1974, with vol. no. and date corresponding to no. of years of publication and date of coverage of the original Russian journal.
|
| 580 |
|
|
|a Translation of the Biologii︠a︡ section of: Vestnik Moskovskogo universiteta. Serii︠a︡ VI: Biologii︠a︡, pochvovedenie, 1974-1976; of: Vestnik Moskovskogo universiteta. Serii︠a︡ XVI: Biologii︠a︡, 1977-
|
| 650 |
|
0 |
|a Biology
|v Periodicals.
|
| 650 |
|
0 |
|a Soil science
|v Periodicals.
|
| 650 |
|
0 |
|a Soils
|z Soviet Union
|v Periodicals.
|
| 650 |
|
2 |
|a Biology
|v Periodicals.
|
| 730 |
0 |
|
|a Vestnik Moskovskogo universiteta.
|n Serii︠a︡ VI:
|p Biologii︠a︡, pochvovedenie.
|l English.
|
| 730 |
0 |
|
|a Vestnik Moskovskogo universiteta.
|n Serii︠a︡ XVI:
|p Biologii︠a︡.
|l English.
|
| 765 |
1 |
|
|a Moskovskiĭ gosudarstvennyĭ universitet im. M.V. Lomonosova.
|t Vestnik Moskovskogo universiteta. Serii︠a︡ VI: Biologii︠a︡, pochvovedenie
|g 1974-1976
|x 0579-9422
|w (DLC)sn 86012555
|w (OCoLC)3889520
|
| 765 |
1 |
|
|a Moskovskiĭ gosudarstvennyĭ universitet im. M.V. Lomonosova.
|t Vestnik Moskovskogo universiteta. Serii︠a︡ XVI: Biologii︠a︡
|g 1977-
|x 0137-0952
|w (DLC) 78641320
|w (OCoLC)3863708
|
| 850 |
|
|
|a CU
|a DLC
|a NjR
|a TxU
|
| 830 |
|
0 |
|a Allerton Press journal program.
|
| 949 |
|
|
|a updated
|b h
|c 2010/9/3
|e spoltoratski
|f 10:30:48 am
|g m
|
| 994 |
|
|
|a C0
|b TXA
|
| 999 |
|
|
|a MARS
|
| 999 |
f |
f |
|s 3e67ee7c-e762-389d-a492-10ed09fe6ad0
|i 5159d13b-445b-3de3-9b99-c3c4e6a19b2b
|t 0
|
| 952 |
f |
f |
|p ric
|a Texas A&M University
|b Rellis Campus
|c Joint Library Facility
|d Remote Storage
|t 0
|e QH301 .M63
|h Library of Congress classification
|i unmediated -- volume
|k v.47
|l 1992
|m A14817220503
|
| 952 |
f |
f |
|p ric
|a Texas A&M University
|b Rellis Campus
|c Joint Library Facility
|d Remote Storage
|t 0
|e QH301 .M63
|h Library of Congress classification
|i unmediated -- volume
|k v.33
|l 1978
|m A14839279992
|
| 952 |
f |
f |
|p ric
|a Texas A&M University
|b Rellis Campus
|c Joint Library Facility
|d Remote Storage
|t 0
|e QH301 .M63
|h Library of Congress classification
|i unmediated -- volume
|k v.36:no.1-5
|l 1981
|m A14839280024
|
| 952 |
f |
f |
|p ric
|a Texas A&M University
|b Rellis Campus
|c Joint Library Facility
|d Remote Storage
|t 0
|e QH301 .M63
|h Library of Congress classification
|i unmediated -- volume
|k v.37
|l 1982
|m A14839280032
|
| 952 |
f |
f |
|p ric
|a Texas A&M University
|b Rellis Campus
|c Joint Library Facility
|d Remote Storage
|t 0
|e QH301 .M63
|h Library of Congress classification
|i unmediated -- volume
|k v.44
|l 1989
|m A14814676810
|
| 952 |
f |
f |
|p ric
|a Texas A&M University
|b Rellis Campus
|c Joint Library Facility
|d Remote Storage
|t 0
|e QH301 .M63
|h Library of Congress classification
|i unmediated -- volume
|k v.35
|l 1980
|m A14839280016
|
| 952 |
f |
f |
|p ric
|a Texas A&M University
|b Rellis Campus
|c Joint Library Facility
|d Remote Storage
|t 0
|e QH301 .M63
|h Library of Congress classification
|i unmediated -- volume
|k v.42
|l 1987
|m A14811434227
|
| 952 |
f |
f |
|p ric
|a Texas A&M University
|b Rellis Campus
|c Joint Library Facility
|d Remote Storage
|t 0
|e QH301 .M63
|h Library of Congress classification
|i unmediated -- volume
|k v.40
|l 1985
|m A14839280066
|
| 952 |
f |
f |
|p ric
|a Texas A&M University
|b Rellis Campus
|c Joint Library Facility
|d Remote Storage
|t 0
|e QH301 .M63
|h Library of Congress classification
|i unmediated -- volume
|k v.38
|l 1983
|m A14839280040
|
| 952 |
f |
f |
|p ric
|a Texas A&M University
|b Rellis Campus
|c Joint Library Facility
|d Remote Storage
|t 0
|e QH301 .M63
|h Library of Congress classification
|i unmediated -- volume
|k v.45
|l 1990
|m A14815319136
|
| 952 |
f |
f |
|p ric
|a Texas A&M University
|b Rellis Campus
|c Joint Library Facility
|d Remote Storage
|t 0
|e QH301 .M63
|h Library of Congress classification
|i unmediated -- volume
|k v.31
|l 1976
|m A14839279976
|
| 952 |
f |
f |
|p ric
|a Texas A&M University
|b Rellis Campus
|c Joint Library Facility
|d Remote Storage
|t 0
|e QH301 .M63
|h Library of Congress classification
|i unmediated -- volume
|k v.41
|l 1986
|m A14839280074
|
| 952 |
f |
f |
|p ric
|a Texas A&M University
|b Rellis Campus
|c Joint Library Facility
|d Remote Storage
|t 0
|e QH301 .M63
|h Library of Congress classification
|i unmediated -- volume
|k v.43
|l 1988
|m A14812030806
|
| 952 |
f |
f |
|p ric
|a Texas A&M University
|b Rellis Campus
|c Joint Library Facility
|d Remote Storage
|t 0
|e QH301 .M63
|h Library of Congress classification
|i unmediated -- volume
|k v.30
|l 1975
|m A14839279968
|
| 952 |
f |
f |
|p ric
|a Texas A&M University
|b Rellis Campus
|c Joint Library Facility
|d Remote Storage
|t 0
|e QH301 .M63
|h Library of Congress classification
|i unmediated -- volume
|k v.34
|l 1979
|m A14839280008
|
| 952 |
f |
f |
|p ric
|a Texas A&M University
|b Rellis Campus
|c Joint Library Facility
|d Remote Storage
|t 0
|e QH301 .M63
|h Library of Congress classification
|i unmediated -- volume
|k v.39
|l 1984
|m A14839280058
|
| 952 |
f |
f |
|p ric
|a Texas A&M University
|b Rellis Campus
|c Joint Library Facility
|d Remote Storage
|t 0
|e QH301 .M63
|h Library of Congress classification
|i unmediated -- volume
|k v.32
|l 1977
|m A14839279984
|
| 952 |
f |
f |
|p ric
|a Texas A&M University
|b Rellis Campus
|c Joint Library Facility
|d Remote Storage
|t 0
|e QH301 .M63
|h Library of Congress classification
|i unmediated -- volume
|k v.46
|l 1991
|m A14816119555
|
| 998 |
f |
f |
|a QH301 .M63
|s v.30 (1975)-v.47 (1992)
|t 0
|l Remote Storage
|